Statistics for It's Math time

Click here to take the quiz!

General Stats

  • This quiz has been taken 15 times
  • The average score is 10 of 16

Answer Stats

ProblemAnswer% Correct
1.24x100124
86%
153x101530
86%
821-348473
86%
189+246435
79%
648÷1254
79%
381x51905
71%
213÷371
71%
964÷4241
64%
389x72723
64%
7948+3928340
64%
9841+77710618
50%
3721+695710678
50%
5379-34751904
50%
3487-7942693
50%
58.2÷69.7
50%
7921-5837388
7%

Score Distribution

Percentile by Number Answered

Percent of People with Each Score

Your Score History

You have not taken this quiz